Disney Cinderella Character's by Picture - Statistics

General Stats
  • This quiz has been taken 92 times
  • The average score is 8 of 9
Answer Stats
Picture Answer % Correct
Cinderella
100%
Prince Charming
95%
Fairy Godmother
92%
Gus
91%
Anastasia Tremaine
86%
Lucifer
82%
Drizella Tremaine
81%
Lady Tremaine
81%
Jaq
75%
No matching quizzes found
Score Distribution
Percent of People with Each Score
Percentile by Number Answered
Your Score History
You have not taken this quiz